[Event "Asuncion Clasificatorio op 3rd"]
[Site "Asuncion"]
[Date "2017.02.26"]
[Round "5"]
[White "Zacarias Martinez, Ruben David"]
[Black "Gonzalez, Francisco"]
[Result "1-0"]
[WhiteElo "2185"]
[BlackElo "1845"]
[PlyCount "130"]
[EventDate "2017.02.24"]
[EventType "swiss"]
[EventRounds "7"]
[EventCountry "PAR"]
[SourceTitle "CBM 177 Extra"]
[Source "ChessBase"]
[SourceDate "2017.04.27"]
[SourceVersion "1"]
[SourceVersionDate "2017.04.27"]
[SourceQuality "1"]

1. Nf3 d5 2. g3 Bf5 3. Bg2 c6 4. 0-0 e6 5. b3 Nf6 6. Bb2 Nbd7 7. d3 Be7 8. Nbd2 Qc7 9. c4 Rd8 10. Re1 0-0 11. cxd5 exd5 12. Nd4 Bg6 13. Bh3 Qb6 14. Nf5 Bxf5 15. Bxf5 Rfe8 16. Nf3 Bf8 17. Qc2 Qb4 18. a3 Qe7 19. e3 g6 20. Bh3 Bg7 21. b4 a6 22. Bc3 h6 23. a4 Nh7 24. Rab1 Bxc3 25. Qxc3 Qf6 26. Qxf6 Nhxf6 27. Rec1 g5 28. Bf5 Kf8 29. d4 Ke7 30. Ne1 Ne4 31. b5 axb5 32. axb5 Nd6 33. Bxd7 Kxd7 34. bxc6+ bxc6 35. Nd3 f6 36. Rb6 Rc8 37. Nc5+ Ke7 38. Ra6 Rc7 39. Rb1 Nb5 40. Rba1 Rb8 41. g4 Nd6 42. Ra7 Rbc8 43. Kg2 Nb5 44. Rxc7+ Rxc7 45. Ra8 Nd6 46. h4 Ne8 47. h5 Nd6 48. Kf3 Ne8 49. Ke2 Kf7 50. f3 Re7 51. Kd3 Nc7 52. Rh8 Kg7 53. Rc8 Kf7 54. Kd2 f5 55. gxf5 Kf6 56. e4 dxe4 57. fxe4 g4 58. Rg8 Rg7 59. Rxg7 Kxg7 60. Ne6+ Nxe6 61. fxe6 Kf6 62. Ke3 g3 63. Kf3 g2 64. Kxg2 Kxe6 65. e5 Ke7 1-0

[Event "Asuncion Clasificatorio op 3rd"]
[Site "Asuncion"]
[Date "2017.02.25"]
[Round "3"]
[White "Wilberger, Marcelo"]
[Black "Gonzalez, Francisco"]
[Result "0-1"]
[WhiteElo "1527"]
[BlackElo "1845"]
[PlyCount "32"]
[EventDate "2017.02.24"]
[EventType "swiss"]
[EventRounds "7"]
[EventCountry "PAR"]
[SourceTitle "CBM 177 Extra"]
[Source "ChessBase"]
[SourceDate "2017.04.27"]
[SourceVersion "1"]
[SourceVersionDate "2017.04.27"]
[SourceQuality "1"]

1. e4 d6 2. d4 Nf6 3. Nc3 g6 4. Be3 Bg7 5. Qd2 Ng4 6. Bg5 h6 7. Bh4 a6 8. h3 Nf6 9. f4 b5 10. a3 Bb7 11. Bd3 c5 12. d5 Nbd7 13. Nf3 Qc7 14. Bg3 c4 15. Be2 Nc5 16. e5 Nfe4 0-1

[Event "Oslo Sveins op 5th"]
[Site "Oslo"]
[Date "2012.06.25"]
[Round "6"]
[White "Omtvedt, Per"]
[Black "Gonzalez, Francisco"]
[Result "0-1"]
[WhiteElo "2117"]
[BlackElo "1991"]
[PlyCount "60"]
[EventDate "2012.06.22"]
[EventType "swiss"]
[EventRounds "9"]
[EventCountry "NOR"]
[SourceTitle "CBM 149 Extra"]
[Source "ChessBase"]
[SourceDate "2012.08.24"]
[SourceVersion "1"]
[SourceVersionDate "2012.08.24"]
[SourceQuality "1"]

1. e4 e5 2. Nf3 Nc6 3. Bb5 a6 4. Ba4 Nf6 5. 0-0 Bc5 6. Nxe5 Nxe5 7. d4 b5 8. dxe5 Nxe4 9. Bb3 Bb7 10. Qf3 0-0 11. Be3 Qe7 12. Bxc5 Qxc5 13. Nc3 Qxe5 14. Rfe1 Rae8 15. Nxe4 Bxe4 16. Qe3 d6 17. Qa7 Qg5 18. g3 Qf6 19. Re3 Ba8 20. Rae1 Rxe3 21. Rxe3 Qxb2 22. f3 Qc1+ 23. Kf2 Qh1 24. Qxc7 Qxh2+ 25. Kf1 h5 26. Qxd6 h4 27. Bxf7+ Rxf7 28. Re8+ Kh7 29. Qd3+ g6 30. Rxa8 hxg3 0-1

[Event "Oslo Sveins op 5th"]
[Site "Oslo"]
[Date "2012.06.22"]
[Round "5"]
[White "Gonzalez, Francisco"]
[Black "Machlik, Jon"]
[Result "1-0"]
[WhiteElo "1991"]
[BlackElo "1701"]
[PlyCount "83"]
[EventDate "2012.06.22"]
[EventType "swiss"]
[EventRounds "9"]
[EventCountry "NOR"]
[SourceTitle "CBM 149 Extra"]
[Source "ChessBase"]
[SourceDate "2012.08.24"]
[SourceVersion "1"]
[SourceVersionDate "2012.08.24"]
[SourceQuality "1"]

1. d4 f5 2. e4 fxe4 3. Nc3 Nf6 4. Bg5 g6 5. Bxf6 exf6 6. Nxe4 d5 7. Ng3 Bh6 8. Nf3 0-0 9. Be2 Nc6 10. 0-0 Be6 11. c3 Qd6 12. Bd3 Rfe8 13. Nd2 Ne7 14. Nb3 c6 15. Nc5 Bc8 16. b4 Qf4 17. Re1 Qd2 18. Qb3 Kf7 19. Re2 Qf4 20. Rae1 Bg4 21. Re4 Qd2 22. Nf1 Qg5 23. Nxb7 Bf3 24. Ng3 Qd2 25. gxf3 Qxd3 26. Nd6+ Kf8 27. Nxe8 dxe4 28. Nd6 Nd5 29. fxe4 Rd8 30. Nb7 Re8 31. Rd1 Qxc3 32. exd5 Re1+ 33. Rxe1 Qxe1+ 34. Kg2 Bf4 35. dxc6 Bxg3 36. hxg3 Qe4+ 37. Qf3 Qxd4 38. Nc5 Qxb4 39. Qxf6+ Kg8 40. Qd8+ Kf7 41. Qd5+ Kf6 42. c7 1-0

[Event "Oslo Sveins op 5th"]
[Site "Oslo"]
[Date "2012.06.22"]
[Round "2"]
[White "Ostby, Martin Bergsjo"]
[Black "Gonzalez, Francisco"]
[Result "0-1"]
[WhiteElo "1734"]
[BlackElo "1991"]
[PlyCount "112"]
[EventDate "2012.06.22"]
[EventType "swiss"]
[EventRounds "9"]
[EventCountry "NOR"]
[SourceTitle "CBM 149 Extra"]
[Source "ChessBase"]
[SourceDate "2012.08.24"]
[SourceVersion "1"]
[SourceVersionDate "2012.08.24"]
[SourceQuality "1"]

1. e4 e5 2. Nf3 Nc6 3. Bc4 Bc5 4. c3 Bb6 5. d3 Nf6 6. Bb3 d6 7. 0-0 0-0 8. Nbd2 Na5 9. Bc2 a6 10. b4 Nc6 11. Nc4 Ba7 12. Be3 b6 13. a4 Be6 14. Ncd2 Ng4 15. Ng5 Nxe3 16. Qh5 h6 17. Nxe6 fxe6 18. fxe3 b5 19. d4 Rxf1+ 20. Rxf1 Qd7 21. Qg6 Qe8 22. Qg4 Kh8 23. Kh1 Rb8 24. Nf3 exd4 25. exd4 e5 26. Ng5 g6 27. Nf7+ Kg7 28. Qh4 h5 29. Qf6+ Kh7 30. Bb3 Qe7 31. Ng5+ Kh6 32. Nf7+ Kh7 33. Qxe7 Nxe7 34. Nxd6 cxd6 35. Rf7+ Kh6 36. Rxe7 bxa4 37. Bxa4 Bxd4 38. cxd4 Rxb4 39. Kg1 Rxa4 40. dxe5 dxe5 41. Rxe5 Ra2 42. Re6 Kg7 43. e5 a5 44. Ra6 g5 45. h3 a4 46. Kh2 h4 47. Ra7+ Kg6 48. e6 Kf6 49. e7 Kf7 50. Ra5 a3 51. Rxg5 Ra1 52. g4 Rb1 53. Rg7+ Ke8 54. Rg8+ Kxe7 55. Ra8 Rb2+ 56. Kg1 a2 0-1

[Event "Oslo Bockman op"]
[Site "Oslo"]
[Date "2011.04.08"]
[Round "2"]
[White "Gonzalez, Francisco"]
[Black "Hauge, Lars Oskar"]
[Result "0-1"]
[WhiteElo "1710"]
[BlackElo "2049"]
[PlyCount "82"]
[EventDate "2011.04.08"]
[EventType "swiss"]
[EventRounds "5"]
[EventCountry "NOR"]
[SourceTitle "CBM 142 Extra"]
[Source "ChessBase"]
[SourceDate "2011.06.27"]
[SourceVersion "1"]
[SourceVersionDate "2011.06.27"]
[SourceQuality "1"]

1. d4 Nf6 2. Nf3 e6 3. c4 Bb4+ 4. Nbd2 b6 5. a3 Bxd2+ 6. Nxd2 Bb7 7. e3 0-0 8. Bd3 c5 9. 0-0 d6 10. b4 Qe7 11. Bb2 Nbd7 12. f4 d5 13. b5 Ne4 14. cxd5 exd5 15. Rf3 f5 16. dxc5 bxc5 17. Bxe4 fxe4 18. Rg3 Nf6 19. Rc1 a6 20. Qb3 Kh8 21. b6 Rad8 22. a4 d4 23. Nc4 Nd5 24. Qa3 Nb4 25. Rd1 Bd5 26. Ne5 Nc2 27. Rh3 Rf6 28. Rxd4 Nxa3 29. Bxa3 Kg8 30. a5 Qb7 31. Rd2 Qc8 32. Rc2 Be6 33. g4 c4 34. f5 Rd1+ 35. Kg2 c3 36. Kg3 Rd2 37. b7 Qc7 38. Rxc3 Qxe5+ 39. Kh4 Rh6+ 40. Kg5 Rg6+ 41. Kh4 Rxg4+ 0-1

[Event "Seville op 24th"]
[Site "Seville"]
[Date "1999.??.??"]
[Round "1"]
[White "Suba, Mihai"]
[Black "Gonzalez, Francisco"]
[Result "1-0"]
[WhiteElo "2550"]
[BlackElo "1950"]
[PlyCount "63"]
[EventDate "1999.01.??"]
[EventType "swiss"]
[EventRounds "9"]
[EventCountry "ESP"]
[SourceTitle "EXT 2000"]
[Source "ChessBase"]
[SourceDate "1999.11.16"]
[SourceVersion "1"]
[SourceVersionDate "1999.11.16"]
[SourceQuality "1"]

1. c4 e5 2. g3 Bc5 3. a3 a5 4. e3 d6 5. d4 exd4 6. exd4 Bb6 7. Bg2 Qf6 8. Be3 Ne7 9. Nc3 0-0 10. Nge2 c6 11. Qd2 h6 12. 0-0 Bf5 13. h3 Qe6 14. b3 Ng6 15. g4 Bxg4 16. hxg4 Qxg4 17. f3 Qh4 18. Bf2 Qd8 19. Rad1 Nd7 20. Ne4 Bc7 21. d5 c5 22. f4 f5 23. N4c3 Qf6 24. Nb5 Bd8 25. Nec3 Nb6 26. Rfe1 Be7 27. Re6 Qf7 28. Nxd6 Bxd6 29. Rxd6 Nc8 30. Re6 b6 31. d6 Ra7 32. d7 1-0